Normal view
MARC view
- Lakshmana, Rao C
Entry Personal Name
001 - CONTROL NUMBER
- control field: 114082
003 - CONTROL NUMBER IDENTIFIER
- control field: NUST
005 - DATE AND TIME OF LATEST TRANSACTION
- control field: 20230809141928.0
008 - FIXED-LENGTH DATA ELEMENTS
- fixed length control field: 230809|| aca||aabn | a|a d
040 ## - CATALOGING SOURCE
- Original cataloging agency: NUST
- Transcribing agency: NUST
100 ## - HEADING--PERSONAL NAME
- Personal name: Lakshmana, Rao C
670 ## - SOURCE DATA FOUND
- Source citation: Work cat.: (NUST): Lakshmana, Rao C., Engineering Mechanics, 2003.
